U.S. States with Wild Horses - Statistics

General Stats
  • This quiz has been taken 25 times
  • The average score is 10 of 10
Answer Stats
State % Correct
California
100%
Montana
100%
Wyoming
100%
Idaho
96%
Nevada
96%
Oregon
96%
Utah
96%
Arizona
92%
Colorado
92%
New Mexico
92%
No matching quizzes found
Score Distribution
Percent of People with Each Score
Percentile by Number Answered
Your Score History
You have not taken this quiz